MARC details
| 000 -CABECERA |
| campo de control de longitud fija |
01402nam a2200265 i 4500 |
| 003 - IDENTIFICADOR DEL NÚMERO DE CONTROL |
| campo de control |
DO-SdBNP |
| 005 - FECHA Y HORA DE LA ÚLTIMA TRANSACCIÓN |
| campo de control |
20250606111818.0 |
| 007 - CAMPO FIJO DE DESCRIPCIÓN FÍSICA--INFORMACIÓN GENERAL |
| campo de control de longitud fija |
ta |
| 008 - DATOS DE LONGITUD FIJA--INFORMACIÓN GENERAL |
| campo de control de longitud fija |
250606b201u dr ao||| |||| 00| 0 spa d |
| 040 ## - FUENTE DE LA CATALOGACIÓN |
| Centro catalogador/agencia de origen |
DO-SdBNP |
| Lengua de catalogación |
spa |
| Centro/agencia transcriptor |
BNPHU |
| Normas de descripción |
rda |
| 082 ## - NÚMERO DE LA CLASIFICACIÓN DECIMAL DEWEY |
| Número de clasificación |
380.1 |
| Número de documento/Ítem |
C778g |
| Número de edición |
22 |
| 110 2# - ENTRADA PRINCIPAL--NOMBRE DE ENTIDAD CORPORATIVA |
| Nombre de entidad corporativa o nombre de jurisdicción como elemento de entrada |
Coordinadora Latinoamericana y del Caribe de Pequeños (as) Productores (as) y Trabajadores (as) del Comercio Justo (CLAC) |
| 9 (RLIN) |
1238 |
| 245 10 - MENCIÓN DE TÍTULO |
| Título |
Guía metodológica : |
| Resto del título |
para el programa de aprendizaje de gestión de Recursos Humanos para plantaciones certificadas Fairtrade / |
| 264 #1 - PRODUCCIÓN, PUBLICACIÓN, DISTRIBUCIÓN, FABRICACIÓN Y COPYRIGHT |
| Producción, publicación, distribución, fabricación y copyright |
[lugar no identificado] : |
| Nombre del de productor, editor, distribuidor, fabricante |
CLAC, |
| Fecha de producción, publicación, distribución, fabricación o copyright |
[fecha no especificada]. |
| 300 ## - DESCRIPCIÓN FÍSICA |
| Extensión |
132 páginas : |
| Otras características físicas |
ilustraciones, fotografías |
| Dimensiones |
28 cm. |
| 336 ## - TIPO DE CONTENIDO |
| Término de tipo de contenido |
texto |
| Código de tipo de contenido |
txt |
| Fuente |
rdacontent |
| 337 ## - TIPO DE MEDIO |
| Nombre/término del tipo de medio |
sin mediación |
| Código del tipo de medio |
n |
| Fuente |
rdamedia |
| 338 ## - TIPO DE SOPORTE |
| Nombre/término del tipo de soporte |
volumen |
| Código del tipo de soporte |
nc |
| Fuente |
rdacarrier |
| 504 ## - NOTA DE BIBLIOGRAFÍA, ETC. |
| Nota de bibliografía, etc. |
Bibliografía p: 133. |
| 505 ## - NOTA DE CONTENIDO CON FORMATO |
| Título |
Presentación -- |
| -- |
Orientaciones metodológicas para el uso de la guía -- |
| -- |
Formación de Formadores (as) -- |
| -- |
El Trabajo Decente -- |
| -- |
Condiciones Laborales -- |
| -- |
Educación Financiera -- |
| Información miscelánea |
Anexo 1 -- |
| Título |
Materiales preparados por quien facilita -- |
| Información miscelánea |
Anexo 2 -- |
| Título |
Cuestionarios de Aprendizaje -- |
| -- |
Referencias bibliográficas, / |
| 590 ## - NOTA LOCAL (RLIN) |
| Nota local |
Inventariado, 2025/ YL<br/><br/> |
| 856 40 - LOCALIZACIÓN Y ACCESO ELECTRÓNICOS |
| Identificador Uniforme del Recurso |
<a href="https://www.unfpa.org/sites/default/files/portal-document/Dominican-Republic_UNDAF%202012-2016.pdf.pdf">https://www.unfpa.org/sites/default/files/portal-document/Dominican-Republic_UNDAF%202012-2016.pdf.pdf</a> |
| 910 ## - DATOS DE OPCIÓN DEL USUARIO (OCLC) |
| Datos de opción del usuario |
YLockward |
| 942 ## - ELEMENTOS DE PUNTO DE ACCESO ADICIONAL (KOHA) |
| Fuente del sistema de clasificación o colocación |
Dewey Decimal Classification |
| Tipo de ítem Koha |
Libro |